| 000 | 01015nam0a2200301 4500 | ||
|---|---|---|---|
| 001 | RU\NLR\bibl\1012267 | ||
| 005 | 20250614231702.0 | ||
| 010 |
_a5-699-18370-1 _95000 |
||
| 021 |
_aRU _b2006-65617 _93289 |
||
| 035 | _a(NLR Aleph) 000999893 | ||
| 090 |
_a571948 _c571948 |
||
| 100 | _a20061122d2006 |||y0rusy50 ca | ||
| 101 | 1 |
_arus _ceng |
|
| 102 | _aRU | ||
| 105 | _ay ||||||||| | ||
| 200 | 1 |
_aКлуб "Везувий" _dThe Vesuvius Club _eнемного болтовни от Марка Гэтисса _e[роман _fпер. с англ. Натальи Гордеевой] _zeng |
|
| 210 |
_aМосква _cЭксмо _d2006 |
||
| 215 |
_a317, [2] с. _d21 |
||
| 225 | 1 | _aArt-Афера | |
| 510 | 1 |
_aThe Vesuvius Club _zeng |
|
| 686 | _aШ6(4Вл)67-446{Лх1299-60} | ||
| 700 | 1 |
_4070 _7ca _8rus _aГэтисс _bМ. _f1966- _gМарк _9172555 _3RU\NLR\AUTH\770172606 |
|
| 801 | 0 |
_aRU _bNLR _c20061122 _grcr |
|
| 801 | 1 |
_aRU _bNLR _c20061122 |
|
| 942 | _cBOOK | ||
| 980 | _aNB | ||